[Event "MPL-ch U20 50th"]
[Site "Gurugram"]
[Date "2022.03.11"]
[Round "6"]
[White "Iniyan, Panneerseluam"]
[Black "Jinan, Jomon"]
[Result "1-0"]
[WhiteElo "2516"]
[BlackElo "2069"]
[PlyCount "143"]
[EventDate "2022.03.09"]
[EventType "swiss"]
[EventRounds "9"]
[EventCountry "IND"]
[SourceTitle "CBM 207 Extra"]
[Source "ChessBase"]
[SourceDate "2022.05.31"]
[SourceVersion "1"]
[SourceVersionDate "2022.05.31"]
[SourceQuality "1"]

1. Nf3 d5 2. g3 c5 3. Bg2 Nf6 4. 0-0 Nc6 5. d3 e6 6. Nbd2 Be7 7. e4 b6 8. Re1 Bb7 9. h4 h6 10. c3 Qc7 11. a3 0-0 12. e5 Nd7 13. d4 b5 14. Nf1 Rfc8 15. Ne3 a5 16. Ng4 Bf8 17. Bf4 Qd8 18. Bf1 b4 19. Bd3 bxc3 20. bxc3 Ba6 21. Bb1 cxd4 22. cxd4 Ne7 23. Kg2 Rab8 24. Qd2 Nf5 25. Bxf5 exf5 26. Ne3 Nb6 27. e6 fxe6 28. Bxb8 Rxb8 29. Qxa5 Bd3 30. Ne5 Ra8 31. Qc3 Bb5 32. Reb1 Be8 33. Nd3 Bd6 34. Qe1 Nc4 35. a4 Bc6 36. Kg1 Qf6 37. Ng2 Rxa4 38. Rxa4 Bxa4 39. Ndf4 e5 40. Nxd5 Qf7 41. Nb6 Nxb6 42. Rxb6 Bc7 43. Rb4 Bc6 44. Qc3 Qd5 45. Qc4 exd4 46. Qxd5+ Bxd5 47. Rxd4 Be4 48. Ne3 Kf8 49. Rd7 Be5 50. Nxf5 Bf6 51. Ne3 Ke8 52. Ra7 Kf8 53. Kh2 Kg8 54. f4 h5 55. Ra5 Bf3 56. Nd5 Bd4 57. Nc3 Kh7 58. Ne4 Bxe4 59. Ra4 Bf6 60. Rxe4 Kg6 61. Rb4 Kf5 62. Kh3 Kg6 63. Rb5 Bd4 64. Kg2 Bf6 65. Kf3 Bd4 66. Ke4 Bf6 67. Rb6 Kh7 68. Rxf6 gxf6 69. Kf5 Kg7 70. Ke6 Kg6 71. f5+ Kg7 72. Ke7 1-0

[Event "IND-ch 57th"]
[Site "Majitar"]
[Date "2019.12.13"]
[Round "5"]
[White "Jinan, Jomon"]
[Black "Nitin, Senthilvel"]
[Result "0-1"]
[WhiteElo "2039"]
[BlackElo "2329"]
[PlyCount "122"]
[EventDate "2019.12.10"]
[EventType "swiss"]
[EventRounds "11"]
[EventCountry "IND"]
[SourceTitle "CBM 193 Extra"]
[Source "ChessBase"]
[SourceDate "2020.01.31"]
[SourceVersion "1"]
[SourceVersionDate "2020.01.31"]
[SourceQuality "1"]

1. e4 g6 2. d4 Bg7 3. Nf3 d6 4. Bd3 Nd7 5. 0-0 e5 6. c3 Ngf6 7. Re1 0-0 8. a4 Re8 9. dxe5 Nxe5 10. Nxe5 Rxe5 11. Bf4 Re8 12. Nd2 Bd7 13. Nf3 Bc6 14. Qc2 Ng4 15. h3 Ne5 16. Bxe5 Bxe5 17. Bb5 Qd7 18. Qd3 a6 19. Bxc6 Qxc6 20. a5 Bg7 21. Qd5 Qb5 22. Rab1 Re7 23. Nd4 Qe8 24. Nf3 Rb8 25. Qc4 Qb5 26. Qxb5 axb5 27. Ra1 Rbe8 28. a6 bxa6 29. Rxa6 f5 30. Nd4 Bxd4 31. cxd4 Rxe4 32. Rxe4 Rxe4 33. Ra8+ Kg7 34. Rc8 Rxd4 35. Rxc7+ Kh6 36. Rb7 Rb4 37. Rd7 Rxb2 38. Rxd6 b4 39. g3 b3 40. Rb6 Kg7 41. Kg2 Kf7 42. Kf3 Ke7 43. g4 fxg4+ 44. hxg4 Kd7 45. Kg3 Kc7 46. Rb4 Kd6 47. f4 Rb1 48. Rb7 Kc6 49. Rb8 Kd5 50. f5 gxf5 51. gxf5 Kc4 52. Kg2 Ra1 53. Rc8+ Kd3 54. Rb8 Kc2 55. Rc8+ Kb1 56. Rc7 b2 57. f6 Ra8 58. Rxh7 Ka2 59. Rb7 b1Q 60. Rxb1 Kxb1 61. Kg3 Rf8 0-1

[Event "IND-ch 57th"]
[Site "Majitar"]
[Date "2019.12.11"]
[Round "3"]
[White "Jinan, Jomon"]
[Black "Neelotpal, Das"]
[Result "0-1"]
[WhiteElo "2039"]
[BlackElo "2430"]
[PlyCount "59"]
[EventDate "2019.12.10"]
[EventType "swiss"]
[EventRounds "11"]
[EventCountry "IND"]
[SourceTitle "CBM 193 Extra"]
[Source "ChessBase"]
[SourceDate "2020.01.31"]
[SourceVersion "1"]
[SourceVersionDate "2020.01.31"]
[SourceQuality "1"]

1. e4 e5 2. Nf3 Nc6 3. Nc3 Nf6 4. Bb5 Nd4 5. Bc4 Bc5 6. d3 d6 7. Nxd4 Bxd4 8. Be3 0-0 9. 0-0 Be6 10. Bxe6 fxe6 11. Ne2 Bxe3 12. fxe3 Ng4 13. Rxf8+ Qxf8 14. Nf4 h5 15. h3 exf4 16. hxg4 fxe3 17. Qe2 hxg4 18. Rf1 Qe7 19. Qxg4 b6 20. Qf3 Rf8 21. Qxf8+ Qxf8 22. Rxf8+ Kxf8 23. Kf1 Kf7 24. Ke2 Kf6 25. Kxe3 Kg5 26. Kf3 c5 27. a3 d5 28. exd5 exd5 29. c3 c4 30. d4 0-1

[Event "Hyderabad op 1st"]
[Site "Hyderabad"]
[Date "2017.10.29"]
[Round "2"]
[White "Jinan, Jomon"]
[Black "Ashwath, R."]
[Result "0-1"]
[WhiteElo "1633"]
[BlackElo "2253"]
[PlyCount "62"]
[EventDate "2017.10.28"]
[EventType "swiss"]
[EventRounds "10"]
[EventCountry "IND"]
[SourceTitle "CBM 181 Extra"]
[Source "ChessBase"]
[SourceDate "2017.12.12"]
[SourceVersion "1"]
[SourceVersionDate "2017.12.12"]
[SourceQuality "1"]

1. e4 c5 2. Nf3 Nc6 3. Bb5 g6 4. 0-0 Bg7 5. Nc3 e5 6. Re1 Nge7 7. Bc4 0-0 8. d3 h6 9. Nd5 d6 10. c3 Kh7 11. Ne3 f5 12. Nc2 Na5 13. Na3 Nxc4 14. Nxc4 b5 15. Ncd2 Bb7 16. a4 a6 17. b4 d5 18. exf5 cxb4 19. Nxe5 Rxf5 20. d4 bxc3 21. Ndf3 b4 22. a5 Nc6 23. Qb3 Qd6 24. Rb1 Nxd4 25. Nxd4 Rxe5 26. Rxe5 Qxe5 27. Nf3 Qe2 28. Be3 c2 29. Rc1 Rc8 30. Qxb4 Rc3 31. Bd2 Qd1+ 0-1